书目信息 |
| 题名: |
城市污水再生利用规划设计
|
|
| 作者: | 赵乐军 编著 | |
| 分册: | ||
| 出版信息: | 北京 中国建筑工业出版社 2011.06 |
|
| 页数: | 11,408页 | |
| 开本: | 26cm | |
| 丛书名: | ||
| 单 册: | ||
| 中图分类: | X799.303 | |
| 科图分类: | ||
| 主题词: | 城市污水--废水综合利用--研究 , 废水综合利用 , 城市污水 | |
| 电子资源: | ||
| ISBN: | 978-7-112-12906-5 | |
| 000 | 01008nam0 2200253 450 | |
| 001 | 89596 | |
| 005 | 20140912103138.21 | |
| 010 | @a978-7-112-12906-5@dCNY 78.00 | |
| 100 | @a20110808d2011 em y0chiy50 ea | |
| 101 | 0 | @achi |
| 102 | @aCN@b110000 | |
| 105 | @aa z 000yy | |
| 200 | 1 | @a城市污水再生利用规划设计@Acheng shi wu shui zai sheng li yong gui hua she ji@f赵乐军编著 |
| 210 | @a北京@c中国建筑工业出版社@d2011.06 | |
| 215 | @a11,408页@c图@d26cm | |
| 300 | @a水体污染控制与治理科技重大专项资助〔2008ZX07314-004〕 天津市科协自然科学学术专著基金资助 | |
| 330 | @a本书介绍了与污水再生利用有关的各项内容,主要包括:国内外污水再生利用情况、主要城镇污水处理工艺、污水再生利用水质指标、污水再生利用途径、污水再生利用处理技术、污水再生利用风险评价、污水再生利用工程规划与设计等。 | |
| 606 | 0 | @a城市污水@x废水综合利用@x研究 |
| 606 | 0 | @a废水综合利用 |
| 606 | 0 | @a城市污水 |
| 690 | @aX799.303@v5 | |
| 701 | 0 | @a赵乐军@Azhao le jun@4编著 |
| 801 | 0 | @aCN@c20140912 |
| 905 | @a241430@dX799.303@eZ340 | |
| 城市污水再生利用规划设计/赵乐军编著.-北京:中国建筑工业出版社,2011.06 |
| 11,408页:图;26cm |
| 水体污染控制与治理科技重大专项资助〔2008ZX07314-004〕 天津市科协自然科学学术专著基金资助 |
| ISBN 978-7-112-12906-5:CNY 78.00 |
| 本书介绍了与污水再生利用有关的各项内容,主要包括:国内外污水再生利用情况、主要城镇污水处理工艺、污水再生利用水质指标、污水再生利用途径、污水再生利用处理技术、污水再生利用风险评价、污水再生利用工程规划与设计等。 |
| ● |
| 相关链接 |
|
|
|
正题名:城市污水再生利用规划设计
索取号:X799.303/Z340
 
预约/预借
| 序号 | 登录号 | 条形码 | 馆藏地/架位号 | 状态 | 备注 |
| 1 | 0830763 | 208307633 | 自科二线504/504自科库 33排2列1层/ [索取号:X799.303/Z340] | 在馆 | |
| 2 | 0830764 | 208307642 | 自科二线504/504自科库 33排2列1层/ [索取号:X799.303/Z340] | 在馆 | |
| 3 | 0830765 | 208307651 | 自科二线504/504自科库 33排2列1层/ [索取号:X799.303/Z340] | 在馆 | |
| 4 | 0830766 | 208307660 | 期刊室512/501自科库 111排2列5层/ [索取号:X799.303/Z340] | 在馆 | |
| 5 | 0830767 | 208307679 | 自科二线504/504自科库 33排2列1层/ [索取号:X799.303/Z340] | 在馆 | |
| 6 | 0830768 | 208307688 | 自科库501/501自科库 111排2列5层/ [索取号:X799.303/Z340] | 在馆 | |
| 7 | 0830769 | 208307697 | 期刊室512/501自科库 111排2列5层/ [索取号:X799.303/Z340] | 在馆 | |
| 8 | 0830770 | 208307704 | 期刊室512/501自科库 111排2列5层/ [索取号:X799.303/Z340] | 在馆 | |
| 9 | 0830771 | 208307713 | 期刊室512/501自科库 111排2列5层/ [索取号:X799.303/Z340] | 在馆 | |
| 10 | 0830772 | 208307722 | 期刊室512/501自科库 111排2列5层/ [索取号:X799.303/Z340] | 在馆 |